000 00658nam a2200241Ia 4500
003 OSt
005 20221007103832.0
006 a|||||r|||| 00| 0
007 ta
008 221006b |||||||| |||| 00| 0 eng d
024 _a14,185
037 _cTextual
040 _aLCO
_cLCO
_beng
041 _2eng
_aeng
082 _aZ2,95983, K9
100 _aBir Bhadra Pratap Singh
_9705613
245 0 _aLaw of Habeas Corpus in India
260 _aAllahabad
_bCentral law agency India
_c1969
300 _a266
650 _aHABEAS CORPUS
_9701839
942 _hZ2,95983, K9
_cTEXL
999 _c1183748
_d1183748